Vowel-less Backwards Asia Quiz Stats

 Plays Quiz Updated May 13, 2019

Score 0/49 Timer 07:00
14 Plays Today
Vowel-less Country % Correct
NPJJapan
93.5%
RTQQatar
92.6%
NHCChina
92.3%
LPNNepal
91.7%
SNPPLHPPhilippines
91.6%
NTSKPPakistan
91.3%
NMYYemen
90.9%
HSDLGNBBangladesh
90.9%
SSRRussia
90.9%
NWTTaiwan
90.8%
RK HTSSouth Korea
90.6%
RK HTRNNorth Korea
90.5%
TWKKuwait
90.2%
MNTVVietnam
90%
NDRJJordan
89.9%
NTSNMKRTTurkmenistan
89.8%
LGNMMongolia
89.5%
DNLHTThailand
89.4%
SLLaos
89%
NTSHKZKKazakhstan
88.7%
DBMCCambodia
88.7%
NNBLLebanon
88.5%
NTSNHGFAfghanistan
88%
KRTTurkey
87.7%
QRIraq
87.1%
Vowel-less Country % Correct
NTSKBZUzbekistan
87%
GRGGeorgia
87%
NTSKJTTajikistan
87%
RPGNSSingapore
86.8%
SVDLMMaldives
86.7%
KNL RSSri Lanka
86.3%
NRHBBahrain
85.5%
NRIran
85.5%
NJBRZAzerbaijan
84.8%
NTSZGRKKyrgyzstan
84%
RMNMMyanmar
83.2%
DNIndia
82.7%
NTSLPPalestine
82.2%
TSL-RMTTimor-Leste
82.1%
NMOman
80.4%
NTHBBhutan
80.4%
BR DSSaudi Arabia
78.9%
SLMMalaysia
76%
STRM BR DTNUnited Arab Emirates
74.8%
RSSyria
73.8%
SNDNIndonesia
72.8%
NRBBrunei
72%
LRSIsrael
71.2%
NMRArmenia
69.2%

You're not logged in!

Compare scores with friends on all Sporcle quizzes.
OR
Log In

Show Comments

Extras

Top Quizzes Today


Score Distribution

Your Account Isn't Verified!

In order to create a playlist on Sporcle, you need to verify the email address you used during registration. Go to your Sporcle Settings to finish the process.

Report this User

Report this user for behavior that violates our Community Guidelines.

Details: